Parks and Recreation Episodes - Statistics

General Stats
  • This quiz has been taken 104 times
    80 since last reset
  • The average score is 52 of 119
Answer Stats
Answer % Correct
Ron & ______: Part 2 | Ron and ______ Tammy
98%
Ms. Knope Goes to ______ Washington
90%
How a ______ Becomes a Law Bill
88%
Win, Lose, or ______ Draw
88%
Born & ______ Raised
88%
Go ______ or Go Home Big
85%
______ Pilot
85%
______ Capsule Time
85%
Lil ______ Sebastian
83%
Ann and ______ Chris
80%
Meet n ______ Greet
80%
______ Festival Harvest
80%
The Comeback ______ Kid
80%
The ______ of Leslie Knope Trial
80%
______ Pageant Beauty
78%
The Cones of ______ Dunshire
78%
______'s Day Galentine
78%
Smallest ______ Park
78%
______ Tax Soda
78%
I'm ______ ______ Leslie Knope
75%
End of the ______ World
75%
Leslie vs. ______ April
73%
Are you Better ______? Off
73%
Freddy ______ Spaghetti
73%
______' Club Boys
70%
Ron and ______ Diane
70%
The ______ ______ Super Awesome Muscial Explosion Show Johnny Karate
70%
Media ______ Blitz
68%
94 ______ Meetings
65%
Greg ______ Pikitis
65%
______ Control Animal
63%
______ for Votes Bowling
63%
Sex ______ Education
63%
______ Season | ______ Season 2 Flu
63%
Road ______ Trip
63%
______ of the Year Woman
63%
William Henry ______ Harrison
60%
Save ______'s JJ
60%
Ms ______-______ Goes to Washington Ludgate-Dwyer
60%
Leslie and ______ Ron
60%
Dave ______ Returns
58%
Operation ______ Ann
55%
______ Market Farmers
55%
Women in ______ Garbage
55%
Jerry's ______ Painting
55%
One ______ ______ Last Ride
53%
Jerry's ______ Retirement
50%
Pawnee ______ Zoo
50%
______ and Joe Donna
48%
______ Show Rock
48%
______ Knope Citizen
45%
The Pawnee-Eagleton Tip Off ______ Classic
45%
______ Trip Hunting
45%
______ Vote Recall
45%
Pawnee ______ Rangers
43%
Sweet ______ Sixteen
40%
Pawnee ______ Commons
38%
Tom's ______ Divorce
38%
Second ______ Chunce
35%
Leslie's ______ House
35%
Ben's ______ Parents
35%
______ City Sister
35%
______ Vote Swing
35%
Ron and ______ Tammys
35%
Campaign ______ Ad
33%
______ It Up! Gin
33%
Two ______ Parties
33%
______-Mary Pie
33%
Live ______ Ammo
30%
______ Scandal Christmas
30%
______ Party Fancy
30%
______ Camping
28%
______' Lunch Correspondents
28%
Two ______ Funerals
28%
The ______ Stakeout
28%
One in ______ 8000
25%
______ Canvassing
25%
The ______ Debate
25%
______ Eagleton
25%
The ______ Fight
25%
Article ______ Two
25%
______ 2017
23%
The ______ Bubble
23%
______ Response Emergency
23%
______ Kaboom
23%
______ London
23%
The ______ ______ Master Plan
23%
Ann's ______ Decision
20%
______ Up Moving
20%
Campaign ______-______ Shake-Up
20%
Halloween ______ Suprise
20%
The ______ Banquet
18%
______ Indianapolis
18%
______ Sweetums
18%
The ______ Reporter
15%
Park ______ Safety
15%
Ron and ______ Jammy
13%
______ Telethon
13%
New ______ Beginnings
10%
The ______ Camel
10%
______ Fluoride
10%
The ______ ______ Set Up
10%
The ______ Treaty
10%
______ Filibuster
8%
The ______ Possum
8%
______ Prom
8%
______ Soulmates
8%
The ______ Wall
8%
______ ______ Bus Tour
5%
______ Lucky
5%
______ Partridge
5%
New ______ Slogan
5%
______ Anniversaries
3%
______ Bailout
3%
______ Dopplegangers
3%
______ Gryzzlbox
3%
No matching quizzes found
Score Distribution
Percent of People with Each Score
Percentile by Number Answered
Your Score History
You have not taken this quiz since the last reset